000 01352nam a2200361 a 4500
001 000113038
003 CHAP
005 20220329144334.0
008 170327s2016 mx sm |||||||spa d
010 _a109499
011 _a110471
040 _cCHAP
090 _aTesis
100 1 _aChi Can, Julio César
_9131806
245 1 0 _aMedición de parámetros de temperatura, ruido y vibración en el comportamiento del operador de un tractor agrícola
_h[En línea]
_cpor Julio César Chi Can.
260 _aChapingo, Méx. :
_bEl autor,
_c2016.
500 _aPara ver el contenido del material haga clic en la liga
502 _aTesis (Ing. Mecánico Agrícola) -- UACH. Departamento de Ingeniería Mecánica Agrícola
590 _aBATCH-UPD
_b05
_c20170327
_lUCH01
_h0914
590 _aBATCH
_b00
_c20181121
_lUCH01
_h0759
590 _aE5765TAJ
_b05
_c20170327
_lUCH01
_h0913
590 _aE5765TAJ
_b05
_c20170327
_lUCH01
_h0914
650 1 4 _aRuido
_xEfectos fisiológicos.
_9131808
650 1 4 _aRuido
_xMedición.
_9131807
650 1 4 _aTemperatura
_xEfectos fisiológicos.
_9112230
650 1 4 _aTractores
_xMedidas de seguridad.
_9114583
650 1 4 _aVibración
_xMediciones.
_9125998
856 _a1
_n0001597
856 _aFinding aid
_uhttp://10.13.5.2/tesis/sist113038.pdf
_zTeclea aquí
901 _aBK
942 _cTESIS
942 _n0
999 _c109499
_d109499